000 01085nam a2200289 a 4500
001 66101
003 BD-RjUL
005 20211209081512.0
008 170314s1990 ii a b f001 0 eng d
035 _a(BD-RjUL)66231
040 _aCU
_cDLC
_dBD-RjUL
_beng
041 _aeng
082 0 0 _a595.768
_223
_bPAF 1990
100 1 _aPajni, H. R.
_q(Hans Raj),
_d1932-
_9195544
245 1 0 _aFauna of India and adjacent countries :
_bColeoptera, Curculionidae, subfamily Eremninae, tribe Cyphicerini /
_cby H.R. Pajni ; edited by the Director, Zoological Survey of India.
260 _aCalcutta :
_bThe Survey,
_c1990.
300 _axv, 568 p. :
_bill. ;
_c25 cm.
490 1 _aFauna of India and adjacent countries
500 _aIncludes index.
504 _aIncludes bibliographical references (p. 493-498).
520 _aClassification and description.
650 0 _aCurculionidae
_zIndia
_xClassification.
_9195545
650 0 _aCurculionidae
_zIndia
_xIdentification.
_9195546
710 2 _aZoological Survey of India.
_9194739
830 0 _aFauna of India.
_9195547
942 _2ddc
_cBK
999 _c66101
_d66101